Responses for Show #1576 - Monday, June 10, 1991

Game entered from audiorecording. Missing prizes.

Contestants

[<< previous game]

Dick Woodward, a business development manager from Hasbrouck Heights, New Jersey

Mark Strauch, a molecular biologist originally from South Bend, Indiana

Tobe Benz, a business executive from Germantown, Maryland (whose 3-day cash winnings total $34,801)

[next game >>]

Jeopardy! Round responses

LITERARY ALLUSIONS
MOVIE SONGS
ARTISTS
CLOTHING
SAINTS
IN OTHER WORDS
    $100 6
Don Quixote

Dick
    $100 1
"That's Amore"

Tobe
    $100 8
white

Mark
    $100 15
heels

Dick
    $100 19
Mary

Dick
    $100 10
you can't win 'em all

Dick
    $200 7
Lewis Carroll

Mark
    $200 2
Fred Astaire

Tobe
    $200 9
Andy Warhol

Dick
    $200 22
(Dick: What is Argentina?)

Spain

TobeDick
    $200 20
St. Cyril

Dick
    $200 11
jump the gun

Mark
    $300 24
(Alex: We have a minute left.)

goody two shoes

Dick
    $500 3
(Alex: Tobe?)
(Tobe: What is E.T.?)
[The music was not reprised going into the break.]

Superman

Tobe
    $300 14
(Mark: What is De Stijl?)

art nouveau

TobeMark
    $300 23
stole

Mark
    $300 21
(Mark: Who is Bloody Mary?)

Elizabeth I

TobeMark
    $300 16
low man on the totem pole

Dick
    $400 25
Look Homeward, Angel

Mark
    $400 4
"The Days Of Wine And Roses"

Tobe
    $400 13
(Dick: Who's van Gogh?)

(Claude) Monet

MarkDick
    $400 29
[The end-of-round signal sounds.]

the train

Mark
    $400 26
St. Mark

Mark
    $400 17
monkey see, monkey do

Dick
    $500 28
(Mark: Who is Washington Irving?)

Longfellow

Mark
Triple Stumper
    $500 5
(Mark: Who is Jack Paar?)

Steve Allen

Mark
Triple Stumper
    $500 12
the Civil War

Mark
    $500 27
St. Vitus

Tobe
    $500 18
everything's coming up roses

Mark

Scores at the first commercial break (after clue 10):

Tobe Mark Dick
$200 -$200 $400

Scores at the end of the Jeopardy! Round:

Tobe Mark Dick
$1,500 $1,800 $1,200

Double Jeopardy! Round responses

AMERICAN HISTORY
BIRDS
SINGAPORE
BUSINESS & INDUSTRY
ROYALTY
UNREAL ESTATE
    $200 2
San Francisco

Mark
    $200 13
oriole

Dick
    $200 16
an alcoholic beverage

Tobe
    $200 1
Liz Claiborne

Mark
    $200 10
Russia

Tobe
    $200 14
Lilliput

Dick
    $400 4
Dwight Eisenhower

Mark
    $400 21
the owl

Dick
    $400 17
the equator

Mark
    $400 6
7-Eleven

Dick
    $400 11
Belgium

Mark
    $400 15
1984

Mark
    $600 5
(Tobe: What is North Vietnam?)

North Korea

TobeDick
    $600 25
(Alex: We have a minute to go.)

a mockingbird

Mark
    $600 18
the British East India Company

Dick
    $600 7
Maytag

Dick
    $600 26
Portugal

Mark
    $600 22
Catch-22

Dick
    $800 12
Admiral Byrd

Mark
    $800 29
a rhea

Mark
    $800 19
a free port

Mark
    $800 8
TRW

Tobe
    $800 27
Ptolemy

Triple Stumper
    $1,000 23
(Dick: What is Feature Falls?)

Grover's Corners

Dick
    $1000 3
Nat Turner

Tobe
    $1000 30
a woodpecker

Dick
    $1000 20
(Dick: What is Macau?)
(Mark: What is Indonesia?)
(Tobe: What is China?)

Malaysia

TobeMarkDick
Triple Stumper
    $1000 9
Rubicam

Tobe
    $1000 28
(Tobe: What is Poland?)

Romania

Tobe
Triple Stumper
    $1000 24
Centennial

Mark

Scores at the end of the Double Jeopardy! Round:

Tobe Mark Dick
$2,100 $7,400 $3,800

[wagering suggestions for these scores]

Final Jeopardy! Round responses

WORLD CITIES
TobeWhat is Osaka?
$2,000
DickWhat is Kyoto?
$3,785
MarkWhat is Kyoto?
$201
Kyoto

Final scores:

Tobe Mark Dick
$100 $7,601 $7,585
3rd place New champion: $7,601 2nd place

Game dynamics:

Coryat scores:

Tobe Mark Dick
$2,600 $7,400 $4,800
12 R,
4 W
(including 1 DD)
22 R
(including 1 DD),
5 W
18 R,
4 W
(including 1 DD)

Combined Coryat: $14,800

[game clues] [game scores] [suggest correction]

Game tape date: 1991-03-12
The J! Archive is created by fans, for fans. Scraping, republication, monetization, and malicious use prohibited; this site may use cookies and collect identifying information. See terms. The Jeopardy! game show and all elements thereof, including but not limited to copyright and trademark thereto, are the property of Jeopardy Productions, Inc. and are protected under law. This website is not affiliated with, sponsored by, or operated by Jeopardy Productions, Inc. Join the discussion at JBoard.tv.